[Event "World Rapid 2019"]
[Site "Moscow RUS"]
[Date "2019.12.28"]
[Round "14.92"]
[White "Atabayev, Maksat"]
[Black "Vastrukhin, Oleg"]
[Result "0-1"]
[WhiteTitle "GM"]
[BlackTitle "IM"]
[WhiteElo "2475"]
[BlackElo "2428"]
[WhiteFideId "14001101"]
[BlackFideId "4192770"]
[EventDate "2019.12.26"]

1. e4 e6 2. d4 d5 3. Nc3 Bb4 4. exd5 exd5 5. Bd3 Ne7 6. Qh5 Nbc6 7. Ne2 Be6 8.
a3 Bd6 9. Nb5 Qd7 10. Nxd6+ cxd6 11. Be3 Bf5 12. Rd1 Bxd3 13. Rxd3 Qf5 14. Qxf5
Nxf5 15. f3 Kd7 16. Bf2 Rhe8 17. Kd2 Rac8 18. Nf4 Nfe7 19. h4 Nd8 20. Rb3 b6 21.
h5 Ne6 22. Ne2 f5 23. Be3 Rf8 24. g3 g5 25. hxg6 hxg6 26. Nf4 Rh8 27. Rxh8 Rxh8
28. Nxe6 Rh2+ 29. Kd1 Kxe6 30. Bg5 Nc6 31. Rd3 Rg2 32. Bh4 Kd7 33. b3 b5 34. Kc1
a5 35. Kb2 a4 36. Kb1 Rh2 37. Bg5 Rh3 38. Bf4 Nd8 39. Bg5 Rxg3 40. Bxd8 Kxd8 41.
Kb2 g5 42. Kc3 Kd7 43. Kd2 Rg2+ 44. Kc3 Rg3 45. Kd2 f4 46. bxa4 bxa4 47. Rc3 Ke6
48. Rd3 Rg2+ 49. Kd1 Kf6 50. Rc3 Rg3 51. Ke2 g4 52. Rc6 Rxf3 53. Rxd6+ Kf5 54.
Rxd5+ Ke4 55. Rd8 Rxa3 56. d5 g3 57. d6 f3+ 58. Kd2 Ke5 59. d7 Ke6 60. Rg8 Kxd7
61. Rxg3 Ke6 62. Rg4 Kf5 63. Rb4 Ke5 64. Rb8 Kf4 65. Ke1 Rc3 66. Rf8+ Ke3 67.
Re8+ Kd4 68. Kd2 Ra3 69. Rh8 Ra1 70. Rh4+ Kc5 71. Rf4 Ra3 72. Rg4 Kd5 73. Rh4
Ke5 74. Rb4 f2 75. Ke2 Rf3 76. Kf1 a3 77. Ra4 Kd5 78. Ra8 Kc5 79. Ra7 Kb4 80.
Rb7+ Kc4 81. Ra7 Rc3 82. Kxf2 Rxc2+ 83. Ke3 a2 84. Ra8 Kc3 85. Rc8+ Kb2 86. Rb8+
Kc1 87. Ra8 Kb1 88. Kd3 Rb2 0-1

[Event "World Rapid 2019"]
[Site "Moscow RUS"]
[Date "2019.12.28"]
[Round "14.93"]
[White "Shcherbakov, Ruslan"]
[Black "Usov, Aleksandr E."]
[Result "1-0"]
[WhiteTitle "GM"]
[WhiteElo "2527"]
[BlackElo "2012"]
[WhiteFideId "4102240"]
[BlackFideId "24257109"]
[EventDate "2019.12.26"]

1. e4 c6 2. d4 d5 3. e5 Bf5 4. h4 h5 5. Bd3 Bxd3 6. Qxd3 e6 7. Bg5 Be7 8. Nf3
Qc7 9. O-O Bxg5 10. Nxg5 Ne7 11. Nd2 Nf5 12. Ngf3 Nd7 13. Rfe1 O-O 14. c4 g6 15.
b3 Rfd8 16. Qc3 Rac8 17. Rac1 Qb8 18. Qb2 b5 19. c5 a5 20. Nf1 Nf8 21. Ne3 Kg7
22. g3 Qc7 23. Ng5 Nh7 24. Nh3 Nf8 25. Qd2 Ra8 26. Ng5 Qe7 27. Kh2 Nh7 28. Nh3
Rh8 29. Ng2 Kf8 30. Ne3 Kg7 31. Nxf5+ exf5 32. e6 f6 33. Nf4 Rhe8 34. Re3 Nf8
35. Rce1 Ra7 36. Qe2 Kh6 37. f3 g5 38. hxg5+ fxg5 39. Nd3 Ng6 40. Ne5 Nxe5 41.
Rxe5 Rf8 42. Qd3 f4 43. Rf5 Qh7 44. g4 hxg4 45. fxg4 Rxf5 46. Qxf5 Qxf5 47. gxf5
Ra8 48. Kh3 Kh5 49. e7 g4+ 50. Kg2 Re8 51. Re6 Kg5 52. f6 Kg6 53. Rxc6 Kf7 54.
Rd6 Rh8 55. Rd8 f3+ 56. Kg3 1-0

[Event "World Rapid 2019"]
[Site "Moscow RUS"]
[Date "2019.12.28"]
[Round "14.94"]
[White "Tengis, Tsog-Ochir"]
[Black "Carlsson, Pontus"]
[Result "0-1"]
[WhiteTitle "FM"]
[BlackTitle "GM"]
[WhiteElo "2190"]
[BlackElo "2456"]
[WhiteFideId "4902718"]
[BlackFideId "1705814"]
[EventDate "2019.12.26"]

1. Nf3 Nf6 2. c4 c5 3. b3 e6 4. Bb2 b6 5. g3 Bb7 6. Bg2 Be7 7. O-O O-O 8. Nc3 d6
9. Rc1 Nbd7 10. d4 cxd4 11. Qxd4 a6 12. Rfd1 Qc7 13. Ba3 Nc5 14. Na4 Rfd8 15.
Nxc5 bxc5 16. Qd2 a5 17. Ne1 Qb6 18. Nd3 Bxg2 19. Kxg2 Qb7+ 20. f3 h6 21. Bb2 a4
22. b4 cxb4 23. Nxb4 a3 24. Bd4 Rac8 25. Nd3 Qa6 26. Qb4 Rb8 27. Qc3 Rdc8 28. e4
d5 29. exd5 Nxd5 30. Qe1 Nb4 31. Nxb4 Rxb4 32. c5 Qa4 33. Qe3 Rc4 34. Qd3 Rxc1
35. Rxc1 Rd8 36. Rc4 Qc6 37. Qxa3 e5 38. Be3 f5 39. Qb3 Kh8 40. Qa4 Qe6 41. c6
f4 42. c7 Rc8 43. Bf2 fxg3 44. hxg3 Bd6 45. Qa6 Qd7 46. Bb6 e4 47. Rxe4 Bxc7 48.
Rc4 Kh7 49. Qb7 Qd2+ 50. Bf2 Bxg3 0-1

[Event "World Rapid 2019"]
[Site "Moscow RUS"]
[Date "2019.12.28"]
[Round "14.95"]
[White "Blohberger, Felix"]
[Black "Tissir, Mohamed"]
[Result "1/2-1/2"]
[WhiteTitle "IM"]
[BlackTitle "IM"]
[WhiteElo "2434"]
[BlackElo "2379"]
[WhiteFideId "1632051"]
[BlackFideId "9000240"]
[EventDate "2019.12.26"]

1. Nf3 Nf6 2. g3 g6 3. b3 Bg7 4. Bb2 O-O 5. Bg2 d6 6. d4 a5 7. O-O a4 8. c4 axb3
9. axb3 Rxa1 10. Bxa1 Nfd7 11. Nc3 e5 12. e3 Re8 13. b4 exd4 14. exd4 Nc6 15. b5
Na5 16. Qa4 b6 17. Nd5 Nf6 18. Nxf6+ Qxf6 19. d5 Qf5 20. Bxg7 Kxg7 21. Qa1+ Kg8
22. Qc3 Bd7 23. h3 Qe4 24. Nd4 Qe5 25. Qd3 h5 26. h4 Kg7 27. Rc1 Qf6 28. Bf3 Nb7
29. Kg2 Nc5 30. Qc3 Kh7 31. Nb3 Qxc3 32. Rxc3 Nb7 33. Rc1 Ra8 34. Re1 Kg7 35.
Re7 Rd8 36. Re1 Ra8 37. Re7 Rd8 38. Re1 Ra8 39. Re7 Rd8 40. Re1 1/2-1/2

[Event "World Rapid 2019"]
[Site "Moscow RUS"]
[Date "2019.12.28"]
[Round "14.96"]
[White "Lam, Daniel King Wai"]
[Black "Gundavaa, Bayarsaikhan"]
[Result "0-1"]
[WhiteTitle "FM"]
[BlackTitle "GM"]
[WhiteElo "2110"]
[BlackElo "2489"]
[WhiteFideId "6001238"]
[BlackFideId "4901045"]
[EventDate "2019.12.26"]

1. e4 c5 2. Nf3 e6 3. d4 cxd4 4. Nxd4 Nc6 5. Nc3 d6 6. Be3 Nf6 7. Bc4 Be7 8. Qe2
O-O 9. O-O-O a6 10. Bb3 Qc7 11. g4 Nxd4 12. Bxd4 e5 13. Be3 Bxg4 14. f3 Be6 15.
Rhg1 g6 16. Bg5 Nh5 17. Bh6 Rfe8 18. Nd5 Bxd5 19. Bxd5 Bf8 20. Be3 Rac8 21. Kb1
b5 22. Rc1 Rb8 23. c4 b4 24. c5 dxc5 25. Qxa6 Rb6 26. Qa5 Rc8 27. Rgd1 Nf4 28.
Bc4 Rf6 29. Qa4 Bd6 30. Bxf4 Rxf4 31. Rd3 Rf6 32. Rcd1 Kg7 33. Qa6 Be7 34. Qa4
Rd6 35. Rxd6 Bxd6 36. Qa6 Be7 37. Qb5 Rd8 38. Rd5 Rxd5 39. Bxd5 Bg5 40. Kc2 Qe7
41. Qc6 Be3 42. Kd3 Bd4 43. Kc4 Qg5 44. Qd7 Qf6 45. a4 bxa3 46. bxa3 Qxf3 47.
Kb5 Qxa3 48. Qxf7+ Kh6 49. Qf6 Qb4+ 50. Kc6 c4 51. Qf3 Qb6+ 52. Kd7 Qa7+ 53. Ke6
c3 54. h4 Qb6+ 55. Kf7 Qc7+ 56. Kf6 c2 0-1

[Event "World Rapid 2019"]
[Site "Moscow RUS"]
[Date "2019.12.28"]
[Round "14.97"]
[White "Al Nhier, Hamoud"]
[Black "Guimaraes, Diogo Duarte"]
[Result "1-0"]
[WhiteTitle "FM"]
[BlackTitle "FM"]
[WhiteElo "1934"]
[BlackElo "2322"]
[WhiteFideId "21500045"]
[BlackFideId "2112450"]
[EventDate "2019.12.26"]

1. c4 Nf6 2. g3 c6 3. Bg2 d5 4. cxd5 cxd5 5. d4 h5 6. Nf3 Nc6 7. O-O Ne4 8. Nc3
Nxc3 9. bxc3 e6 10. Qd3 Bd7 11. e4 dxe4 12. Qxe4 Be7 13. h4 Qa5 14. Bd2 Rc8 15.
Rfe1 O-O 16. Ne5 Nxe5 17. Qxe5 Qxe5 18. Rxe5 Bc6 19. Rxh5 f5 20. Re1 Be8 21.
Rxe6 Rc7 22. Bf4 Rd7 23. Rxe7 Rxe7 24. Rg5 g6 25. Bd5+ Kh7 26. Be5 Bf7 27. Bb3
Rc8 28. h5 Bxb3 29. axb3 gxh5 30. c4 Rf7 31. Rxh5+ Kg6 32. Rh1 Rh7 33. Rxh7 Kxh7
34. Kg2 Kg6 35. Kf3 Rc6 36. c5 Ra6 37. Kf4 Ra3 38. Bb8 a6 39. Ke5 Rxb3 40. Ke6
a5 41. d5 a4 42. d6 a3 43. d7 a2 44. Be5 Rd3 45. Ke7 Rd5 46. Bb2 Rd2 47. Ba1
Re2+ 48. Kd6 Rd2+ 49. Kc7 Kf7 50. d8=Q Rxd8 51. Kxd8 Ke6 52. Kc7 Kd5 53. Kb6 1-0

[Event "World Rapid 2019"]
[Site "Moscow RUS"]
[Date "2019.12.28"]
[Round "14.98"]
[White "Lobanov, Sergei"]
[Black "Miranda Neto, Jayme Amorim"]
[Result "1-0"]
[WhiteTitle "IM"]
[BlackTitle "CM"]
[WhiteElo "2504"]
[BlackElo "2102"]
[WhiteFideId "24183750"]
[BlackFideId "2115964"]
[EventDate "2019.12.26"]

1. e4 c6 2. d4 d5 3. e5 Bf5 4. Nf3 e6 5. Be2 Nd7 6. O-O h6 7. c3 Ne7 8. Na3 a6
9. Nc2 c5 10. dxc5 Nxc5 11. Be3 Nc6 12. Ncd4 Bg6 13. Nxc6 bxc6 14. c4 Nd7 15.
Qa4 Qc8 16. Rac1 Qb7 17. cxd5 cxd5 18. Rc6 Qxb2 19. Rc7 Rd8 20. Bxa6 Be7 21. Nd4
O-O 22. Rxd7 Rxd7 23. Qxd7 Qxa2 24. Bb5 Bb4 25. Nc6 Ba3 26. Qa7 Qb3 27. Qa4 Qxa4
28. Bxa4 Ra8 29. Bb5 Bf8 30. Bd4 Ra2 31. Ra1 Rd2 32. h3 Kh7 33. Kh2 Rc2 34. Kg3
Bc5 35. Bxc5 Rxc5 36. Nd4 Rc7 37. f3 Rc3 38. Kf2 Rc7 39. Ke3 Rc3+ 40. Kd2 Rc7
41. Ra6 Rb7 42. Kc3 Rc7+ 43. Bc6 Rc8 44. Rb6 h5 45. h4 Rd8 46. Kb4 Bd3 47. Kc5
Bf1 48. g3 Bg2 49. Rb7 Kg6 50. Ra7 Rb8 51. Bb7 Bh1 52. Kc6 Bg2 53. Ra8 Rxa8 54.
Bxa8 Bxf3 55. Nxf3 Kf5 56. Kd6 Kg4 57. Ng5 f6 58. Nxe6 Kxg3 59. Ng5 fxe5 60.
Kxe5 Kxh4 61. Kf4 g6 62. Bb7 d4 63. Bg2 1-0

[Event "World Rapid 2019"]
[Site "Moscow RUS"]
[Date "2019.12.28"]
[Round "14.99"]
[White "Al Ghamdi, Ahmed M"]
[Black "Gurvich, Vitaly"]
[Result "0-1"]
[WhiteTitle "CM"]
[BlackTitle "FM"]
[WhiteElo "2107"]
[BlackElo "2230"]
[WhiteFideId "21500150"]
[BlackFideId "24164852"]
[EventDate "2019.12.26"]

1. e4 c6 2. d4 d5 3. Nd2 dxe4 4. Nxe4 Nf6 5. Nxf6+ exf6 6. c3 Bd6 7. Bd3 O-O 8.
Qc2 Re8+ 9. Ne2 h5 10. O-O Qc7 11. h3 Be6 12. Be3 Nd7 13. Qd2 Nf8 14. Nf4 g6 15.
Rfe1 Rad8 16. Nxe6 Nxe6 17. Rad1 h4 18. Qc2 f5 19. Bc1 Qd7 20. Bc4 Nf4 21. Bxf4
Bxf4 22. a4 Bb8 23. Rf1 Qc7 24. f4 Re4 25. Qd2 Rxf4 26. Rxf4 Qxf4 27. Qxf4 Bxf4
28. d5 c5 29. a5 Kg7 30. a6 bxa6 31. Ra1 Rb8 32. b3 Be5 33. Rxa6 Bxc3 34. Rxa7
Bd4+ 35. Kf1 Rb6 36. Ke2 Rd6 37. Kd3 Bf2 38. Ra2 Bg1 39. Ra1 Bd4 40. Rf1 Be5 41.
Re1 Kf6 42. Re2 Rd8 43. Ra2 Bd6 44. Ra6 g5 45. Ke3 g4 46. Ra7 Re8+ 47. Kd3 Re1
48. Rd7 Ke5 49. hxg4 fxg4 50. Rxf7 Rg1 51. Rh7 Rh1 52. Ke3 h3 53. gxh3 g3 54.
Kf3 Kf6 55. Rh6+ Ke7 56. Re6+ Kd7 57. Rxd6+ Kxd6 58. Kxg3 Ke5 59. Kg4 Rg1+ 60.
Kf3 Rh1 61. Kg4 Rg1+ 62. Kf3 Kf5 63. Bd3+ Kf6 64. h4 Rd1 65. Bc4 Rd4 66. Kg3 Kg7
67. Kh3 Kg6 68. Kg3 Kf5 69. Kh3 Kf4 70. Kg2 Kg4 71. Kf2 Kxh4 72. Kf3 Kg5 73. Ke3
Kf6 74. Kf3 Ke5 75. Ke3 Rh4 76. Kd3 Kd6 77. Kc3 Rh3+ 78. Kb2 Ke5 79. Ka3 Rh6 80.
Ka4 Rb6 81. Ka5 Rb4 82. Ka6 Kd6 83. Ka5 Kc7 84. Ka6 Kb8 85. Ka5 Ka7 86. d6 Kb7
87. Bd5+ Kc8 88. Be6+ Kd8 89. Ka6 Rb8 90. Ka5 Rb7 91. Bd5 Rb4 92. Be6 Re4 93.
Bd5 Rd4 94. Bc6 Rxd6 95. Kb5 Kc7 96. Be8 Rd8 97. Bf7 Kd6 98. Bc4 Rb8+ 99. Ka4
Ke5 100. Ka3 Kd4 101. Kb2 Rb6 102. Bf7 Rf6 103. Bg8 Rf8 104. Be6 Rf6 105. Bg8
Rg6 106. Bf7 Rg2+ 107. Ka3 Rg7 108. Be6 Kc3 109. Ka4 Rb7 110. Bg8 Rb4+ 111. Ka3
Rb8 112. Bd5 Rd8 113. Bc6 Rd6 114. Ba4 Rd1 115. Ka2 Kb4 116. Kb2 Rd2+ 117. Kc1
Rh2 0-1

[Event "World Rapid 2019"]
[Site "Moscow RUS"]
[Date "2019.12.28"]
[Round "14.100"]
[White "Masrahi, Abdulrahman A"]
[Black "Makoveev, Ilya"]
[Result "0-1"]
[WhiteTitle "CM"]
[BlackTitle "FM"]
[WhiteElo "1956"]
[BlackElo "2277"]
[WhiteFideId "21501564"]
[BlackFideId "34155748"]
[EventDate "2019.12.26"]

1. d4 Nf6 2. Nf3 g6 3. Nbd2 Bg7 4. e4 O-O 5. e5 Ne8 6. Bd3 d6 7. O-O Nc6 8. Re1
Nb4 9. Bf1 Bf5 10. Ne4 d5 11. Ng3 Nxc2 12. Nxf5 Nxe1 13. Qxe1 gxf5 14. Bd3 e6
15. Bg5 Qd7 16. Qe3 f6 17. Bf4 fxe5 18. dxe5 d4 19. Qe2 c5 20. Rc1 b6 21. Bb5
Qe7 22. Bg5 Qf7 23. b4 Rc8 24. Nxd4 Nc7 0-1

[Event "World Rapid 2019"]
[Site "Moscow RUS"]
[Date "2019.12.28"]
[Round "14.101"]
[White "Thing, Bibek"]
[Black "Al Mutairi, Hassan S"]
[Result "1-0"]
[WhiteTitle "CM"]
[BlackTitle "CM"]
[WhiteElo "2222"]
[BlackElo "1883"]
[WhiteFideId "12303135"]
[BlackFideId "21500193"]
[EventDate "2019.12.26"]

1. e4 d6 2. d4 Nf6 3. Nc3 e5 4. Nf3 Nbd7 5. Bc4 Be7 6. O-O O-O 7. h3 c6 8. a4 a5
9. Qe2 exd4 10. Nxd4 Nc5 11. Rd1 Be6 12. Nxe6 fxe6 13. e5 Nd5 14. Ne4 Nxe4 15.
Qxe4 Qb6 16. Be3 Qc7 17. exd6 Qxd6 18. Be2 Rf6 19. c4 Qb4 20. Bd2 Qc5 21. cxd5
Qxf2+ 22. Kh1 cxd5 23. Qe3 Qh4 24. Be1 Qf4 25. Qxf4 Rxf4 26. Bc3 Bf6 27. Bg4 Kf7
28. Rac1 Re8 29. Bxf6 gxf6 30. Bh5+ Kf8 31. Bxe8 Kxe8 32. Rc7 Rb4 33. Rf1 f5 34.
Re1 1-0

[Event "World Rapid 2019"]
[Site "Moscow RUS"]
[Date "2019.12.28"]
[Round "15"]
[White "Korobov, Anton"]
[Black "Mamedov, Rauf"]
[Result "1-0"]
[WhiteElo "2818"]
[BlackElo "2679"]
[EventDate "2019.12.26"]
[Board "6"]

1. d4 d5 2. c4 e6 3. Nc3 c5 4. e3 Nf6 5. Nf3 a6 6. a3 Nc6 7. b3 Be7 8. Bb2
cxd4 9. exd4 O-O 10. Bd3 b6 11. O-O Bb7 12. Re1 h6 13. cxd5 exd5 14. Ne2
Bd6 15. Ng3 Re8 16. Ne5 Bxe5 17. dxe5 Nd7 18. f4 Nc5 19. Nf5 Re6 20. Nxg7
Kxg7 21. f5 Rxe5 22. Rxe5 d4 23. f6+ Qxf6 24. Qg4+ Kh8 25. Rf5 Qg7 26.
Qxg7+ Kxg7 27. Bc4 f6 28. Re1 Rd8 29. Rd5 Rxd5 30. Bxd5 Nd3 31. Rb1 Nf4 32.
Bf3 d3 33. Rd1 Na5 34. Bxb7 Nxb7 35. g3 Ne2+ 36. Kf2 Nc5 37. b4 1-0

[Event "World Rapid 2019"]
[Site "Moscow RUS"]
[Date "2019.12.28"]
[Round "15"]
[White "Aronian, Levon"]
[Black "Ganguly, Surya Shekhar"]
[Result "1-0"]
[WhiteElo "2784"]
[BlackElo "2592"]
[EventDate "2019.12.26"]
[Board "8"]

1. Nf3 d5 2. d4 Nf6 3. Bf4 c5 4. e3 Nc6 5. Nbd2 e6 6. c3 cxd4 7. exd4 Nh5
8. Be3 Bd6 9. Bd3 Nf4 10. Bxf4 Bxf4 11. h4 Bd7 12. g3 Bd6 13. Nf1 Rb8 14.
Ne3 b5 15. b4 Qc7 16. Rc1 h6 17. Nd2 a5 18. a3 a4 19. f4 Ne7 20. Nf3 f6 21.
Qe2 O-O 22. O-O e5 23. fxe5 fxe5 24. dxe5 Bxe5 25. Nxd5 Bd4+ 26. Kg2 Nxd5
27. cxd4 Qd6 28. Ne5 Nf6 29. Rf4 Bc8 30. Kh2 g5 31. Rc6 Qe7 32. Rf1 Bb7 33.
Qa2+ Kg7 34. Qe6 Rbe8 35. Qxe7+ Rxe7 36. Rb6 Rc7 37. Kg1 Ba8 38. Rxb5 Rc3
39. Ra5 Be4 40. Ra7+ Kg8 41. Rxf6 Rxf6 42. Bxe4 Rxg3+ 43. Kh2 gxh4 44. Bh7+
Kh8 45. Ng6+ Rfxg6 46. Bxg6 1-0

[Event "World Rapid 2019"]
[Site "Moscow RUS"]
[Date "2019.12.28"]
[Round "15"]
[White "Andreikin, Dmitry"]
[Black "Melkumyan, Hrant"]
[Result "1/2-1/2"]
[WhiteElo "2748"]
[BlackElo "2631"]
[EventDate "2019.12.26"]
[Board "9"]

1. d4 Nf6 2. c4 e6 3. Nf3 d5 4. e3 Be7 5. Nc3 O-O 6. a3 c5 7. dxc5 Bxc5 8.
b4 Be7 9. cxd5 Nxd5 10. Nxd5 exd5 11. Bb2 Bf6 12. Bxf6 Qxf6 13. Qd4 Qxd4
14. Nxd4 Nc6 15. O-O-O a5 16. b5 Nxd4 17. Rxd4 Be6 18. Bd3 Rfc8+ 19. Kd2 b6
20. Rc1 Rxc1 21. Kxc1 Rc8+ 22. Kd2 h6 23. e4 dxe4 24. Bxe4 Kf8 25. Rd6 Rb8
26. Ke3 1/2-1/2

[Event "World Rapid 2019"]
[Site "Moscow RUS"]
[Date "2019.12.28"]
[Round "15"]
[White "Giri, Anish"]
[Black "Smirin, Ilia"]
[Result "1/2-1/2"]
[WhiteElo "2747"]
[BlackElo "2584"]
[EventDate "2019.12.26"]
[Board "10"]

1. e4 c5 2. Nf3 e6 3. c3 Nf6 4. e5 Nd5 5. d4 cxd4 6. cxd4 b6 7. Nc3 Nxc3 8.
bxc3 Qc7 9. Bb5 Bb7 10. O-O Be7 11. Qd3 Nc6 12. Re1 Na5 13. Bf4 a6 14. Ba4
Rc8 15. Qd1 h6 16. Rc1 g5 17. Be3 Nc4 18. Bb3 Qc6 19. Bxc4 1/2-1/2

[Event "World Rapid 2019"]
[Site "Moscow RUS"]
[Date "2019.12.28"]
[Round "15"]
[White "Nepomniachtchi, Ian"]
[Black "Yu, Yangyi"]
[Result "0-1"]
[WhiteElo "2745"]
[BlackElo "2747"]
[EventDate "2019.12.26"]
[Board "11"]

1. e4 e5 2. Nf3 Nf6 3. Nxe5 d6 4. Nf3 Nxe4 5. Nc3 Nxc3 6. dxc3 Be7 7. Be3
Nc6 8. Qd2 Bf5 9. O-O-O Qd7 10. h3 O-O 11. Rg1 Rae8 12. g4 Be4 13. Be2 Bd8
14. h4 Ne5 15. Nxe5 Rxe5 16. Bd4 Ree8 17. h5 Qa4 18. a3 Qxc2+ 19. Qxc2 Bxc2
20. Rd2 Bb3 21. g5 f5 22. c4 b6 23. h6 g6 24. Rg3 Ba4 25. f4 Re4 26. b3 Bc6
27. Bf3 Re1+ 28. Rd1 Rxd1+ 29. Bxd1 Re8 30. Re3 Rxe3 31. Bxe3 Be4 32. b4 c6
33. Bb3 d5 34. b5 dxc4 35. Bxc4+ Bd5 36. Bxd5+ cxd5 37. Kd2 Kf7 38. Kd3 Be7
39. a4 Bb4 40. Bd4 Bd6 41. Be3 Ke6 42. Bd2 Bc5 43. Bc1 Kd7 44. Bd2 Kc7 45.
Bc3 Kb7 46. Be5 a6 47. Kc3 axb5 48. axb5 Kc8 49. Kd3 Kd7 50. Bb8 Ke6 51.
Be5 Bg1 52. Bc7 Bf2 53. Bb8 Bc5 54. Be5 d4 55. Bxd4 Kd5 56. Bb2 Bf2 57. Ba3
Bg3 58. Bc1 Kc5 59. Be3+ Kxb5 60. Kd4 Kc6 61. Ke5 b5 62. Bd2 Bf2 63. Bb4
Bc5 64. Bxc5 Kxc5 65. Kf6 b4 66. Kg7 b3 67. Kxh7 b2 68. Kxg6 b1=Q 69. Kh7
Qb7+ 70. Kh8 Qb8+ 71. Kh7 Qc7+ 72. Kh8 Qxf4 73. h7 Kd6 74. g6 Ke7 0-1

[Event "World Rapid 2019"]
[Site "Moscow RUS"]
[Date "2019.12.28"]
[Round "15"]
[White "Antipov, Mikhail Al."]
[Black "Anton Guijarro, David"]
[Result "0-1"]
[WhiteElo "2636"]
[BlackElo "2709"]
[EventDate "2019.12.26"]
[Board "12"]

1. e4 c5 2. Nf3 Nc6 3. Bb5 g6 4. Bxc6 dxc6 5. d3 Bg7 6. h3 Nf6 7. Nc3 Nd7
8. Be3 e5 9. Qc1 h6 10. a3 Qe7 11. Rb1 f5 12. b4 f4 13. Bd2 g5 14. Na4 c4
15. Bc3 b5 16. Nc5 Nxc5 17. bxc5 cxd3 18. cxd3 O-O 19. Qb2 Re8 20. O-O g4
21. hxg4 Bxg4 22. Nh2 Bh5 23. g4 fxg3 24. fxg3 Rad8 25. g4 Rxd3 26. gxh5
Qxc5+ 27. Kh1 Qxc3 28. Qa2+ Qc4 29. Qg2 Kh8 30. Rf5 Rg3 31. Qxg3 Qxe4+ 32.
Qg2 Qxf5 33. Rg1 Rg8 34. Qxc6 e4 35. Re1 e3 36. a4 bxa4 37. Rg1 e2 38. Qg2
Qxh5 39. Qe4 Qe5 0-1

[Event "World Rapid 2019"]
[Site "Moscow RUS"]
[Date "2019.12.28"]
[Round "15"]
[White "Fedoseev, Vladimir"]
[Black "Zubov, Alexander"]
[Result "1-0"]
[WhiteElo "2768"]
[BlackElo "2688"]
[EventDate "2019.12.26"]
[Board "13"]

1. d4 d5 2. c4 dxc4 3. Nf3 Nf6 4. e3 e6 5. Bxc4 a6 6. O-O b5 7. Bd3 c5 8.
a4 b4 9. e4 Bb7 10. e5 Nfd7 11. Qe2 cxd4 12. Nxd4 Nc5 13. Rd1 Qd5 14. Nf3
Qc6 15. Nbd2 Nbd7 16. Nc4 Nxd3 17. Qxd3 Nc5 18. Qf1 Nb3 19. Nd4 Nxd4 20.
Rxd4 Be7 21. Rg4 Kf8 22. Bg5 Bxg5 23. Rxg5 h6 24. Rg3 Qc5 25. Re3 Bd5 26.
Nd6 Qd4 27. Qe2 h5 28. Rd1 Qc5 29. Rh3 g6 30. Qd2 Qb6 31. Rc1 Kg8 32. g4
Qd8 33. Qf4 Rh7 34. gxh5 Qe7 35. h6 Rf8 36. Rg3 b3 37. h4 Kh8 38. Kh2 Rg8
39. Rc7 Qxc7 40. Qf6+ Rgg7 41. hxg7+ Kg8 42. Rc3 1-0

[Event "World Rapid 2019"]
[Site "Moscow RUS"]
[Date "2019.12.28"]
[Round "15"]
[White "Karjakin, Sergey"]
[Black "Shimanov, Aleksandr"]
[Result "1/2-1/2"]
[WhiteElo "2749"]
[BlackElo "2669"]
[EventDate "2019.12.26"]
[Board "14"]

1. e4 c6 2. Nf3 d5 3. exd5 cxd5 4. Ne5 Nc6 5. Bb5 Bd7 6. Bxc6 Bxc6 7. O-O
Nf6 8. d4 e6 9. c3 Be7 10. Bg5 O-O 11. Nd2 a5 12. Re1 Be8 13. Re3 Nd7 14.
Bxe7 Qxe7 15. Qe2 Nxe5 16. Rxe5 Qd6 17. Re1 Bd7 18. Qh5 f6 19. R5e3 Rf7 20.
Nb3 b6 21. Nc1 Re8 22. Nd3 Bb5 23. g3 Bxd3 24. Rxd3 b5 25. Rde3 Rfe7 26.
Qe2 Qc6 27. a3 Qb6 28. Qd2 Qd6 29. h4 e5 30. dxe5 Rxe5 31. Qd4 h6 32. Qa7
a4 33. Qd4 Rxe3 34. Rxe3 Rxe3 35. Qxe3 Qd7 36. Kf1 Kf7 37. Ke1 Qf5 38. Ke2
1/2-1/2

[Event "World Rapid 2019"]
[Site "Moscow RUS"]
[Date "2019.12.28"]
[Round "15"]
[White "Svidler, Peter"]
[Black "Turov, Maxim"]
[Result "1-0"]
[WhiteElo "2738"]
[BlackElo "2647"]
[EventDate "2019.12.26"]
[Board "17"]

1. e4 c6 2. d4 d5 3. e5 Bf5 4. Nd2 e6 5. Nb3 a6 6. Nf3 c5 7. Nxc5 Bxc5 8.
dxc5 Qa5+ 9. c3 Qxc5 10. Nd4 Ne7 11. Be3 Qc7 12. f4 O-O 13. Be2 Be4 14. O-O
Nbc6 15. Nb3 Na5 16. Nc5 Bg6 17. b3 Nac6 18. Bf2 a5 19. Na4 Nc8 20. Qd2 Rd8
21. Rac1 Rb8 22. Qe3 N6e7 23. Rfd1 b5 24. Nc5 Qc6 25. c4 bxc4 26. bxc4 Qa8
27. Qa3 Rb4 28. Be1 Nb6 29. Bxb4 axb4 30. Qxb4 Qa7 31. Kh1 Rc8 32. Nd7 Qxd7
33. Qxb6 Be4 34. cxd5 Nxd5 35. Qd4 Bc2 36. Rd2 Bg6 37. Rxc8+ Qxc8 38. Bf3
h5 39. h3 Qc1+ 40. Kh2 Nc3 41. Qe3 Kh7 42. Rd3 Nxa2 43. Qxc1 Nxc1 44. Rd4
Nb3 45. Rb4 Nd2 46. Kg3 Nxf3 47. Kxf3 Bd3 48. Rd4 Bb5 49. g4 hxg4+ 50. hxg4
Kg6 51. Rd6 Bc4 52. Kg3 Bb3 53. Kh4 Kh6 54. f5 Kh7 55. Kg5 Bc4 56. Rd7 Kg8
57. f6 Bb3 58. Rd8+ Kh7 59. Rf8 1-0

[Event "World Rapid 2019"]
[Site "Moscow RUS"]
[Date "2019.12.28"]
[Round "15"]
[White "Salem, A.R. Saleh"]
[Black "Cheparinov, Ivan"]
[Result "0-1"]
[WhiteElo "2717"]
[BlackElo "2647"]
[EventDate "2019.12.26"]
[Board "18"]

1. d4 Nf6 2. c4 g6 3. Nc3 d5 4. cxd5 Nxd5 5. e4 Nxc3 6. bxc3 Bg7 7. Bc4 c5
8. Ne2 O-O 9. O-O Nc6 10. Be3 Bg4 11. f3 Bd7 12. Rb1 cxd4 13. cxd4 a6 14.
d5 Ne5 15. Bb6 Qb8 16. Bb3 a5 17. Ba4 Qe8 18. Bxd7 Qxd7 19. a4 Rfc8 20. Bd4
Nc4 21. Bxg7 Kxg7 22. Qd4+ Kg8 23. e5 Na3 24. Rbc1 b5 25. e6 fxe6 26. Nf4
Nc2 27. Qf2 e5 28. Nxg6 hxg6 29. Rxc2 Qxd5 30. Rd2 Qc6 31. Re1 b4 32. h4
Rd8 33. Rde2 Rd5 34. Rxe5 Rxe5 35. Rxe5 Rb8 36. Rxe7 b3 37. Re1 b2 38. Rb1
Qc1+ 39. Qf1 Rc8 40. Rxb2 Qxb2 41. Qd3 Qc1+ 42. Kh2 Qf4+ 43. g3 Qf5 0-1

[Event "World Rapid 2019"]
[Site "Moscow RUS"]
[Date "2019.12.28"]
[Round "15"]
[White "Gareyev, Timur"]
[Black "Tomashevsky, Evgeny"]
[Result "1-0"]
[WhiteElo "2604"]
[BlackElo "2714"]
[EventDate "2019.12.26"]
[Board "19"]

1. Nf3 d5 2. e3 Nf6 3. c4 e6 4. Nc3 Be7 5. b3 O-O 6. Bb2 c5 7. cxd5 Nxd5 8.
Qc2 b6 9. h4 Nb4 10. Qe4 N8c6 11. a3 f5 12. Qb1 Nd5 13. Bc4 Bf6 14. Qc2 Bb7
15. Ng5 Bxg5 16. hxg5 Rc8 17. f4 Rc7 18. Rh2 a6 19. Kf2 b5 20. Rah1 g6 21.
Nxd5 exd5 22. Qc3 bxc4 23. Qh8+ Kf7 24. Qxh7+ Ke6 25. Qxg6+ Kd7 26. Rh7+
Kc8 27. Bf6 Qe8 28. Qxf5+ Kb8 29. Rxc7 Kxc7 30. Rh7+ Kb6 31. bxc4 Bc8 32.
Qb1+ 1-0